Evolución política del pueblo mexicano

I tiakina i:
Ngā taipitopito rārangi puna kōrero
Kaituhi matua: Sierra, Justo (Author)
Hōputu: Pukapuka
Reo:Pāniora
I whakaputaina: Ciudad de México Fondo de Cultura Económica 1940
Putanga:2a. ed
Ngā marau:
Ngā Tūtohu: Tāpirihia he Tūtohu
Kāore He Tūtohu, Me noho koe te mea tuatahi ki te tūtohu i tēnei pūkete!

MARC

LEADER 00000nam a2200000 a 4500
001 UCO0995
003 CL-VaPUC
008 000505e19400000MX |||||||||||||||||spa|d
082 0 4 |a 320.972  |b SIE  |2 21 
100 0 |a Sierra, Justo  |e author  |9 442710 
245 1 0 |a Evolución política del pueblo mexicano 
250 |a 2a. ed 
300 |a 476 p 
942 |c BK 
945 |d 20000505 00:00:00  |a crobeson 
260 |a Ciudad de México  |b Fondo de Cultura Económica  |c 1940 
650 7 |a EVOLUCION POLITICA  |2 CL-VaPUC  |9 416588 
650 0 |a Historia política  |9 256974 
650 7 |a HISTORIA MEXICANA  |2 CL-VaPUC  |9 333909 
651 0 |a México  |9 255269 
583 |a last modification  |c 20000505 00:00:00  |k Rodrigo Vera 
999 |c 287630  |d 287628 
952 |0 0  |1 0  |4 0  |6 320_972000000000000_SIE_1940  |7 0  |8 X  |9 334573  |a BIBHIS  |b BIBHIS  |d 2019-11-20  |i 1272543  |o 320.972 SIE 1940  |p 1272543  |r 2024-01-30  |w 2019-11-20  |y BK_X  |k HIS